000 00307nam a2200097Ia 4500
008 240331s9999 xx 000 0 und d
082 _bTHI
100 _aThiruchandran, S
245 0 _aVarlviyal samatharma kodpaadukaludan muranpaddu nitkum meddu nilai panpaaddu kolankal :
_boru penn nilai visaranai
942 _cL
999 _c1712
_d1712